000 00365nam a2200133Ia 4500
003 GCL
008 140319s9999 xx 000 0 ara d
040 _aGCL /
_cGCL
082 0 4 _a346.04
_bم م
245 1 0 _aمنازعات الحيازة: مشكلاتها الهامة
260 _a[S.N] :
_bمؤسسة روزاليوسف ،
_c1984
300 _a147 ص
490 _a
999 _c46855
_d46855